[Event "Cerdanyola del Valles op-A 29th"]
[Site "Cerdanyola del Valles"]
[Date "2011.10.08"]
[Round "2"]
[White "Vazquez Gamero, Miguel"]
[Black "Garcia Acosta, Roger"]
[Result "1-0"]
[WhiteElo "2095"]
[BlackElo "1840"]
[PlyCount "73"]
[EventDate "2011.10.01"]
[EventType "swiss"]
[EventRounds "8"]
[EventCountry "ESP"]
[SourceTitle "EXT 2013"]
[Source "ChessBase"]
[SourceDate "2012.11.22"]
[SourceVersion "1"]
[SourceVersionDate "2012.11.22"]
[SourceQuality "1"]

1. e4 e5 2. Nf3 Nc6 3. c3 Nf6 4. d4 exd4 5. e5 Ne4 6. Qe2 d5 7. exd6 f5 8. dxc7 Qxc7 9. Nbd2 Bd7 10. Nxd4 0-0-0 11. Nb5 Qb6 12. Nxe4 fxe4 13. Be3 Bc5 14. Nd6+ Kb8 15. Nc4 Bxe3 16. Nxb6 Bxb6 17. 0-0-0 e3 18. fxe3 Rhe8 19. e4 Ne5 20. Qh5 h6 21. Rd5 Be3+ 22. Kc2 g6 23. Qd1 Bg5 24. h4 Ng4 25. Qxg4 Bxg4 26. hxg5 Rxd5 27. exd5 hxg5 28. Bd3 Bf5 29. Kd2 Kc7 30. Rh7+ Kb6 31. b4 a6 32. c4 Be4 33. c5+ Ka7 34. Bxe4 Rxe4 35. c6 Rd4+ 36. Kc3 Rxd5 37. c7 1-0

[Event "Barcelona Sant Marti op 13th"]
[Site "Barcelona"]
[Date "2011.07.13"]
[Round "1"]
[White "Vazquez Gamero, Miguel"]
[Black "Munoz Pantoja, Miguel Angel"]
[Result "0-1"]
[WhiteElo "2129"]
[BlackElo "2482"]
[PlyCount "82"]
[EventDate "2011.07.13"]
[EventType "swiss"]
[EventRounds "9"]
[EventCountry "ESP"]
[SourceTitle "CBM 143 Extra"]
[Source "ChessBase"]
[SourceDate "2011.08.29"]
[SourceVersion "1"]
[SourceVersionDate "2011.08.29"]
[SourceQuality "1"]

1. e4 c5 2. Nf3 Nc6 3. d4 cxd4 4. Nxd4 Nf6 5. Nc3 e5 6. Ndb5 d6 7. Bg5 a6 8. Na3 b5 9. Bxf6 gxf6 10. Nd5 f5 11. c3 Bg7 12. exf5 Bxf5 13. Nc2 0-0 14. a4 bxa4 15. Rxa4 a5 16. g3 Rb8 17. Nce3 Be6 18. Qa1 Nd4 19. Bg2 Nb3 20. Qa3 Nc5 21. Rxa5 Rxb2 22. 0-0 Rb3 23. Qa1 e4 24. Rd1 f5 25. Ra7 Kh8 26. Bf1 Rb7 27. Rxb7 Nxb7 28. Nf4 Bc8 29. Qa3 Be5 30. Ned5 Nc5 31. Rb1 Bb7 32. Bc4 Bxd5 33. Nxd5 f4 34. Qa7 e3 35. fxe3 fxg3 36. Rf1 gxh2+ 37. Kh1 Rxf1+ 38. Bxf1 Qg8 39. Bg2 Qg3 40. Qb8+ Kg7 41. Qc7+ Kg6 0-1